Chelsea line up vs Bayern Munich CL Final - Statistics

General Stats
  • This quiz has been taken 131 times
  • The average score is 9 of 14
Answer Stats
Position Answer % Correct
GK Cech
96%
ST Drogba
95%
CM Lampard
86%
LB Cole
79%
CB Luiz
65%
CB Cahill
64%
Manager Di Matteo
60%
CAM Mata
58%
SUB: Torres
54%
RB Bosingwa
49%
RM Kalou
45%
LM Bertrand
44%
CM Mikel
43%
SUB: Malouda
39%
No matching quizzes found
Score Distribution
Percent of People with Each Score
Percentile by Number Answered
Your Score History
You have not taken this quiz